000 00303nam a2200121Ia 4500
005 20251222151337.0
008 251222s9999||||xx |||||||||||||| ||spa||
020 _a9788416115228
082 _a657.302.18/B82
245 0 _aNuevas tendencias en Información Financiera:
264 _bBresca
942 _cLIB
999 _c24328
_d24328